000 00548nam a2200229Ia 4500
003 OSt
005 20221005120927.0
006 a|||||r|||| 00| 0
007 ta
008 221004b |||||||| |||| 00| 0 fre d
024 _a62409
037 _cTextual
040 _aCRL
_cCRL
_bfre
041 _2fre
_afre
082 _aP122:4k, 33L6
100 _aBhatt
245 0 _aFrench kalyeri
260 _c1976
650 _aFRENCH LITERATURE
_913614
942 _hP122:4k, 33L6
_cTEXL
_2cc
999 _c1039567
_d1039567